000 nam a22 7a 4500
999 _c10820
_d10820
008 180226b ||||| |||| 00| 0 eng d
100 _aGupta, D P
_96655
245 _aBusiness Studies -XII
260 _aNew Delhi
_bS Dinesh Publication
_c2015